Distribučná stratégia ako výsledok rozhodovania o distribučnej politike. 1

Distribučná politika firmy. Rozhodnutia v oblasti distribučnej politiky. Určenie strategických distribučných cieľov. Strategické ciele firmy. Strategické marketingové ciele. Strategické distribučné ciele.

Guardado en:
Detalles Bibliográficos
Autor principal: Daňo, Ferdinand, 1959-
Formato: Capítulo de libro
Lenguaje:eslovaco
Materias:
Etiquetas: Agregar Etiqueta
Sin Etiquetas, Sea el primero en etiquetar este registro!

MARC

LEADER 00000naa a2200000 4500
001 r021880
005 20240502071327.9
041 0 |a slo 
044 |a SK 
245 1 0 |a Distribučná stratégia ako výsledok rozhodovania o distribučnej politike. 1  |c Ferdinand Daňo 
520 |a Distribučná politika firmy. Rozhodnutia v oblasti distribučnej politiky. Určenie strategických distribučných cieľov. Strategické ciele firmy. Strategické marketingové ciele. Strategické distribučné ciele. 
610 2 0 |a stratégia distribučná 
610 2 0 |a cesty odbytové 
610 2 0 |a procesy rozhodovacie 
610 2 0 |a kanály distribučné 
610 2 0 |a stratégia marketingová 
610 2 0 |a rozhodovanie 
610 2 0 |a veľkoobchod 
610 2 0 |a maloobchod 
610 2 0 |a spotrebitelia 
610 2 0 |a firmy 
610 2 0 |a racionalizácia 
610 2 0 |a imidž 
100 1 |a Daňo, Ferdinand, 1959-